000
00330nam a2200145Ia 4500
008
230718s9999 xx 000 0 und d
041
_a
Eng.
082
_a
340.59
_b
AFG-I
100
_a
Afghani, Hassan
245
0
_a
Islamic Juridprudence
260
_a
Pakistan
_b
Law times
_c
2004
300
_a
127
650
_a
Law
999
_c
27841
_d
27841